00734nam a22001697a 450000500170000000800410001702000180005805000280007610000400010424000230014424501280016725000110029526000430030630000210034950001410037065000530051120221005140556.0131204t2013 mx ||||| |||| 00| 0 sspad a978607916925104aKGF2704.31861bG37 20131 aGarcía Morelos, Gumesindo,eautor00aLeyes y códigos.10aNueva ley de amparo b: derecho convencional de los derechos humanos, leyes complementarias c/ Gumesindo García Morelos. a1a ed. aMéxico :bPalacio del Derecho,c2013 a552 p. ;c23 cm. aDos estudios : El proceso de amparo y los derechos humanos. El control judicial difuso de los derechos humanos. Una propuesta de tesis 72lembaRecurso de amparoxLegislaciónzMéxico